Domestic transferable permits for environmental management design and implementation
Guardado en:
| Formato: | Libro |
|---|---|
| Lenguaje: | inglés |
| Publicado: |
Paris
OECD
2001
|
| Colección: | Environment
|
| Materias: | |
| Etiquetas: |
Sin Etiquetas, Sea el primero en etiquetar este registro!
|
MARC
| LEADER | 00000nam a2200000 4500 | ||
|---|---|---|---|
| 001 | c126812 | ||
| 005 | 20221221091445.2 | ||
| 020 | |a 92-64-18656-5 | ||
| 041 | 0 | |a eng | |
| 044 | |a FR | ||
| 245 | 1 | 0 | |a Domestic transferable permits for environmental management |b design and implementation |
| 264 | 1 | |a Paris |b OECD |c 2001 | |
| 300 | |a 112 s. | ||
| 490 | 1 | |a Environment | |
| 830 | 0 | |a Environment | |
| 610 | 2 | 0 | |a prostredie životné |
| 610 | 2 | 0 | |a ekológia |
| 610 | 2 | 0 | |a ekonomika environmentálna |
| 610 | 2 | 0 | |a manažment |
| 610 | 2 | 0 | |a nástroje ekonomické |
| 610 | 2 | 0 | |a OECD |
| 610 | 2 | 0 | |a svet |